El Al Destinations - Statistics

General Stats
  • This quiz has been taken 122 times
  • The average score is 38 of 44
Answer Stats
Country City % Correct
Belgium Brussels
95%
France Paris
95%
Italy Rome
95%
Canada Toronto
95%
Austria Vienna
95%
Netherlands Amsterdam
94%
Greece Athens
94%
Spain Barcelona
94%
Hungary Budapest
94%
Spain Madrid
94%
United States New York
94%
China Beijing
93%
Germany Berlin
93%
Germany Frankfurt
93%
Portugal Lisbon
93%
Italy Milan
93%
Germany Munich
93%
Czech Republic Prague
93%
United States Los Angeles
92%
India Mumbai
92%
Bulgaria Sofia
92%
Poland Warsaw
92%
Thailand Bangkok
91%
South Africa Johannesburg
91%
Ukraine Kiev
91%
Russi Moscow
91%
Switzerland Zurich
91%
United States Boston
88%
Switzerland Geneva
88%
Romania Bucharest
87%
United States Miami
87%
France Nice
87%
United States San Francisco
87%
China Hong Kong
86%
United Kingdom Manchester
86%
France Marseille
84%
Italy Venice
84%
Cyprus Larnaca
75%
United States Newark
73%
United Kingdom London-Heathrow
72%
United States Orlando
67%
United States Las Vegas
62%
United Kingdom London-Luton
48%
United States Chicago O'Hare
45%
No matching quizzes found
Score Distribution
Percent of People with Each Score
Percentile by Number Answered
Your Score History
You have not taken this quiz